000
00322nam a22001337a 4500
008
230619b xxu||||| |||| 00| 0 eng d
082
_a
301.15
_b
SEC
100
_c
Paul F Secord
245
_a
Social Psychology
260
_b
McGraw-Hill Book Company
_c
1964
300
_a
661p
700
_c
Carl W. Backman
942
_2
ddc
_c
BK
999
_c
1310
_d
1310